Versos apocrifos a María (Record no. 4810)

MARC details
000 -CABECERA
campo de control de longitud fija 00766nam a2200241 a 4500
001 - NÚMERO DE CONTROL
campo de control BRCA_5116
005 - FECHA Y HORA DE LA ÚLTIMA TRANSACCIÓN
campo de control 20190320204939.0
008 - DATOS DE LONGITUD FIJA--INFORMACIÓN GENERAL
campo de control de longitud fija 191110s--------mx-#######---#000-0#spa-#
041 ## - CÓDIGO DE LENGUA
Código de lengua del texto/banda sonora o título independiente spa
044 ## - CÓDIGO DEL PAÍS DE LA ENTIDAD EDITORA/PRODUCTORA
Código MARC del país mx
084 ## - OTRO NÚMERO DE CLASIFICACIÓN
Número de clasificación DOC116
Número de documento/Ítem .V47
-- [17-?]
245 10 - MENCIÓN DE TÍTULO
Título Versos apocrifos a María
260 ## - PUBLICACIÓN, DISTRIBUCIÓN, ETC.
Lugar de publicación, distribución, etc. [s.l]
Fecha de publicación, distribución, etc. [17-?]
300 ## - DESCRIPCIÓN FÍSICA
Extensión [3] fojas
Dimensiones 26 x 20 cm.
500 ## - NOTA GENERAL
Nota general El documento contiene la leyenda DOC. #280.
500 ## - NOTA GENERAL
Nota general Papel con marca de agua.
500 ## - NOTA GENERAL
Nota general Estado de conservación: contiene manchas de acidez y márgenes deteriorados.
506 0# - NOTA DE RESTRICCIONES AL ACCESO
Limitaciones de acceso Fondo Reservado. Para su consulta es necesario credencial de usuario y carta de motivos.
546 ## - NOTA DE LENGUA/LENGUAJE
Nota de lengua/lenguaje Texto en: español
650 14 - PUNTO DE ACCESO ADICIONAL DE MATERIA--TÉRMINO DE MATERIA
Término de materia o nombre geográfico como elemento de entrada Poesía
Subdivisión de forma Manuscritos
9 (RLIN) 13054
902 ## - CATALOGADOR
Iniciales FDH
942 ## - ELEMENTOS DE PUNTO DE ACCESO ADICIONAL (KOHA)
Fuente del sistema de clasificación o colocación Library of Congress Classification
Tipo de ítem Koha Documentos
Holdings
Estado de retiro Estado de pérdida Estado dañado No para préstamo Localización permanente Ubicación/localización actual Fecha de adquisición Total de préstamos Signatura topográfica completa Código de barras Fecha visto por última vez Precio válido a partir de Tipo de ítem Koha
El ejemplar forma parte de la colección y puede ser consultado según las políticas vigentes.       Biblioteca del Museo Franz Mayer (Rogerio Casas-Alatriste) Biblioteca del Museo Franz Mayer (Rogerio Casas-Alatriste) 19/11/2010   DOC116 .V47 [17-?] 5353 22/03/2019 22/03/2019 Documentos